| 000 | 00535nam a22002057a 4500 | ||
|---|---|---|---|
| 001 | 00028487 | ||
| 005 | 20260307082218.0 | ||
| 008 | 260307b ag ||||| |||| 00| 0 spa d | ||
| 020 | _a9789875472464 | ||
| 040 |
_bspa _cAR-CcCEOS |
||
| 080 | _a372.4 | ||
| 090 | _bCAS | ||
| 100 |
_aMarisa Casal _9802 |
||
| 245 |
_aSaltarín 1: _báreas integradas / _cMarisa Casal |
||
| 250 | _a1a ed., 1a reimp. | ||
| 260 |
_aBuenos Aires : _bPuerto de Palos, _c2007. |
||
| 300 |
_a288 p. ; _c28x20 cm. |
||
| 650 | 0 | _amanual | |
| 942 |
_2udc _cBK |
||
| 999 |
_c28516 _d28516 |
||
| 945 |
_a66467 _bMelina Rolando _c66467 _dMelina Rolando |
||